<?xml version="1.0" encoding="UTF-8"?>
<record
    xmlns:xsi="http://www.w3.org/2001/XMLSchema-instance"
    xsi:schemaLocation="http://www.loc.gov/MARC21/slim http://www.loc.gov/standards/marcxml/schema/MARC21slim.xsd"
    xmlns="http://www.loc.gov/MARC21/slim">

  <leader>02947nab a22006497a 4500</leader>
  <controlfield tag="003">AR-RoUNA</controlfield>
  <datafield tag="022" ind1=" " ind2=" ">
    <subfield code="a">03282384</subfield>
  </datafield>
  <datafield tag="040" ind1=" " ind2=" ">
    <subfield code="a">AR-RoUNA</subfield>
    <subfield code="b">spa</subfield>
  </datafield>
  <datafield tag="041" ind1=" " ind2=" ">
    <subfield code="a">spa</subfield>
    <subfield code="h">spa</subfield>
  </datafield>
  <datafield tag="044" ind1=" " ind2=" ">
    <subfield code="a">ag</subfield>
  </datafield>
  <datafield tag="110" ind1=" " ind2=" ">
    <subfield code="9">8413</subfield>
    <subfield code="a">Secretaria de Ciencia y T&#xE9;cnica.</subfield>
    <subfield code="b">Bolet&#xED;n de la Secretaria </subfield>
  </datafield>
  <datafield tag="245" ind1=" " ind2=" ">
    <subfield code="a">Ciencia y Tecnica</subfield>
    <subfield code="h">N&#xBA; 11</subfield>
    <subfield code="b">Bolet&#xED;n de la Secretar&#xED;a</subfield>
  </datafield>
  <datafield tag="260" ind1=" " ind2=" ">
    <subfield code="a">Buenos Aires :</subfield>
    <subfield code="b">UP,</subfield>
    <subfield code="c">1994</subfield>
  </datafield>
  <datafield tag="300" ind1=" " ind2=" ">
    <subfield code="a">66 p. :</subfield>
    <subfield code="b">plantas</subfield>
    <subfield code="b">fot. byn.</subfield>
    <subfield code="c">26x 20 cm</subfield>
  </datafield>
  <datafield tag="505" ind1=" " ind2=" ">
    <subfield code="a">INDICE</subfield>
  </datafield>
  <datafield tag="505" ind1=" " ind2=" ">
    <subfield code="t">PANORAMA.</subfield>
  </datafield>
  <datafield tag="505" ind1=" " ind2=" ">
    <subfield code="a">Inauguraci&#xF2;n del Complejo Astron&#xF2;mico"El Leoncito" San juan. p.3</subfield>
  </datafield>
  <datafield tag="505" ind1=" " ind2=" ">
    <subfield code="a">La Universidad Lomonosov distingue al Dr.Ra&#xF9;l Alfons&#xEC;n. p. 5</subfield>
  </datafield>
  <datafield tag="505" ind1=" " ind2=" ">
    <subfield code="a">La Ciencia Inyita a  los j&#xF3;venes. p. 7</subfield>
  </datafield>
  <datafield tag="505" ind1=" " ind2=" ">
    <subfield code="a">Designan nuevos Subsecretarios. p. 10</subfield>
  </datafield>
  <datafield tag="505" ind1=" " ind2=" ">
    <subfield code="a">El Instituto Nacional de Tecnolog&#xEC;a Agropecuaria.p.11</subfield>
  </datafield>
  <datafield tag="505" ind1=" " ind2=" ">
    <subfield code="t">CONICET. p. 18</subfield>
  </datafield>
  <datafield tag="505" ind1=" " ind2=" ">
    <subfield code="a">Instituto de Investigaciones Hidr&#xE0;ulicas San Juan. p.18</subfield>
  </datafield>
  <datafield tag="505" ind1=" " ind2=" ">
    <subfield code="a">Programa  CONICE T-PNUD de apoyo a  bibliotecas. p.22 </subfield>
  </datafield>
  <datafield tag="505" ind1=" " ind2=" ">
    <subfield code="a">Comisiones Asesoras. p. 23</subfield>
  </datafield>
  <datafield tag="505" ind1=" " ind2=" ">
    <subfield code="t">COORDINACI&#xD2;NY PLANIFICACI&#xD2;N.p.24</subfield>
  </datafield>
  <datafield tag="505" ind1=" " ind2=" ">
    <subfield code="a">Pasant&#xEC;as otorgadas.p.24</subfield>
  </datafield>
  <datafield tag="505" ind1=" " ind2=" ">
    <subfield code="a">Proyectos aprobados por  el sistema de regionalizaci&#xF2;n en Cuyo. p. 26 </subfield>
  </datafield>
  <datafield tag="505" ind1=" " ind2=" ">
    <subfield code="a">Noticias  del Programa de Energ&#xEC;a no convencional. p. 27</subfield>
  </datafield>
  <datafield tag="505" ind1=" " ind2=" ">
    <subfield code="t">INFORM&#xC0;TICA. p.29</subfield>
  </datafield>
  <datafield tag="505" ind1=" " ind2=" ">
    <subfield code="a">Inform&#xE0;tica en laadministraci&#xF2;n p&#xF9;blica . p. 29</subfield>
  </datafield>
  <datafield tag="505" ind1=" " ind2=" ">
    <subfield code="a">Creaci&#xF2;n del Centro de Investigaciones en Tecnolog&#xEC;a inform&#xE0;tica y Electr&#xF2;nica. p. 31 </subfield>
  </datafield>
  <datafield tag="505" ind1=" " ind2=" ">
    <subfield code="a">Seminarios sobre Inform&#xE0;tica y Desarrollo. p. 31</subfield>
  </datafield>
  <datafield tag="505" ind1=" " ind2=" ">
    <subfield code="a">Publicaciones de la Subsercretar&#xEC;a de Inform&#xE0;tica y Desarrollo. p.32</subfield>
  </datafield>
  <datafield tag="505" ind1=" " ind2=" ">
    <subfield code="t">COOPERACI&#xD2;N INTERNACIONAL. p. 36</subfield>
  </datafield>
  <datafield tag="505" ind1=" " ind2=" ">
    <subfield code="a">Puesta en marcha del Centro Argentino Brasile&#xF1;o en Biotecnolog&#xEC;a. p. 36</subfield>
  </datafield>
  <datafield tag="505" ind1=" " ind2=" ">
    <subfield code="a">40 a&#xF1;os de Unesco . p. 41</subfield>
  </datafield>
  <datafield tag="505" ind1=" " ind2=" ">
    <subfield code="a">Escuela Nacional de Matem&#xE0;tica Aplicadas . p.44</subfield>
  </datafield>
  <datafield tag="505" ind1=" " ind2=" ">
    <subfield code="a">Ier. Simposio Franco- Argentino sobre Materiales. p. 45 </subfield>
  </datafield>
  <datafield tag="505" ind1=" " ind2=" ">
    <subfield code="t">BECAS, CURSOS Y REUNIONES CIENT&#xCD;FICAS . p. 48</subfield>
  </datafield>
  <datafield tag="505" ind1=" " ind2=" ">
    <subfield code="a">Curso  de postgrado en biotecnolog&#xEC;a vegetal. p. 52</subfield>
  </datafield>
  <datafield tag="505" ind1=" " ind2=" ">
    <subfield code="a">Las  condiciones de desarrollo del h&#xE1;bitat rural. p.54</subfield>
  </datafield>
  <datafield tag="505" ind1=" " ind2=" ">
    <subfield code="t">DIVULGACI&#xD2;N CIENT&#xCC;FICA Y TECNOL&#xD3;GICA.  p. 56</subfield>
  </datafield>
  <datafield tag="505" ind1=" " ind2=" ">
    <subfield code="a">Alberto Cassano: Evaluaci&#xF2;n de investigadores en el Conicet. p. 56</subfield>
  </datafield>
  <datafield tag="505" ind1=" " ind2=" ">
    <subfield code="a">Nuevas publicaciones de la  SECYT. p. 62</subfield>
  </datafield>
  <datafield tag="505" ind1=" " ind2=" ">
    <subfield code="a">Publicaciones recibidas. p. 64</subfield>
  </datafield>
  <datafield tag="505" ind1=" " ind2=" ">
    <subfield code="t">DOCUMENTOS. p. 66</subfield>
  </datafield>
  <datafield tag="505" ind1=" " ind2=" ">
    <subfield code="a">Hector Ciapuscio: Conjurando a  Armaged&#xF2;n. Consecuencias de la guerra nuclear. p. 66</subfield>
  </datafield>
  <datafield tag="650" ind1=" " ind2=" ">
    <subfield code="a">Arquitectura</subfield>
    <subfield code="9">11395</subfield>
  </datafield>
  <datafield tag="650" ind1=" " ind2=" ">
    <subfield code="a">Ciencia</subfield>
    <subfield code="9">11396</subfield>
  </datafield>
  <datafield tag="773" ind1="0" ind2=" ">
    <subfield code="a">Bolet&#xED;n de la Secretar&#xED;a: Ciencia y T&#xE9;cnica</subfield>
    <subfield code="d">Buenos Aires, Aller Atucha y Asociados. 1988</subfield>
    <subfield code="g">nro.11 (dic-1986), 66.p</subfield>
    <subfield code="x">03265773</subfield>
  </datafield>
  <datafield tag="856" ind1=" " ind2=" ">
    <subfield code="u">www.secyt.unlu.edu.ar</subfield>
  </datafield>
  <datafield tag="908" ind1=" " ind2=" ">
    <subfield code="a">Imp</subfield>
  </datafield>
  <datafield tag="942" ind1=" " ind2=" ">
    <subfield code="2">udc</subfield>
    <subfield code="c">ART</subfield>
  </datafield>
  <datafield tag="945" ind1=" " ind2=" ">
    <subfield code="a">MBP</subfield>
    <subfield code="d">2018-06-12</subfield>
  </datafield>
  <datafield tag="980" ind1=" " ind2=" ">
    <subfield code="8">1</subfield>
    <subfield code="g">Maricel Allasia</subfield>
    <subfield code="6">1</subfield>
    <subfield code="a">Maricel Allasia</subfield>
  </datafield>
  <datafield tag="999" ind1=" " ind2=" ">
    <subfield code="c">12460</subfield>
    <subfield code="d">12460</subfield>
  </datafield>
  <datafield tag="952" ind1=" " ind2=" ">
    <subfield code="0">0</subfield>
    <subfield code="1">0</subfield>
    <subfield code="2">udc</subfield>
    <subfield code="4">0</subfield>
    <subfield code="5">0</subfield>
    <subfield code="7">0</subfield>
    <subfield code="a">AR-RoUNA</subfield>
    <subfield code="b">AR-RoUNA</subfield>
    <subfield code="c">Heme</subfield>
    <subfield code="d">2026-06-08</subfield>
    <subfield code="e">Don</subfield>
    <subfield code="l">0</subfield>
    <subfield code="p">1002975</subfield>
    <subfield code="r">2026-06-08</subfield>
    <subfield code="t">ej. 1</subfield>
    <subfield code="w">2026-06-08</subfield>
    <subfield code="y">ART</subfield>
    <subfield code="k">K342</subfield>
    <subfield code="x"></subfield>
  </datafield>
</record>
